Statistics for Ontario Quiz

Click here to take the quiz!

General Stats

  • This quiz has been taken 82 times
  • The average score is 7 of 9

Answer Stats

HintAnswer% Correct
Capital of OntarioToronto
99%
Capital of CanadaOttawa
99%
Province on eastern borderQuebec
94%
Province on western borderManitoba
91%
Southern most major cityWindsor
90%
City named after large British cityLondon
82%
Has 13.6 million of thesePeople
73%
Bay between Ontario and Quebec, beside HudsonJames Bay
56%
Famous parkAlgonquin Park
53%

Score Distribution

Percentile by Number Answered

Percent of People with Each Score

Your Score History

You have not taken this quiz